| 000 | 01251nam0a22002771 4500 | ||
|---|---|---|---|
| 001 | rc\4077600 | ||
| 005 | 20260407074527.0 | ||
| 021 |
_aRU _b[47-5366] |
||
| 035 | _a(NLR Aleph) 008123907 | ||
| 090 |
_a9380887 _c9380887 |
||
| 100 | _a20130415d1946 |||y0rusy50 ca | ||
| 101 | 0 | _arus | |
| 102 | _aRU | ||
| 105 | _aab j ||||| | ||
| 200 | 1 |
_aИстория древнего мира _eУчебник для 5-6-го классов сред. школы _eУтв. Министерством просвещения РСФСР _fПод ред. проф. А.В. Мишулина _gИн-т истории Акад. наук СССР |
|
| 205 | _a5-е изд. | ||
| 210 |
_aМосква _cУчпедгиз _d1946 _gОбразцовая тип. _gТип. М. 111 |
||
| 215 |
_a255 с., 4 отд. л. карт. _cил. _d22 |
||
| 606 |
_aДревний мир _xИстория _jУчебники и пособия _2psbo |
||
| 702 | 1 |
_4340 _7ca _8rus _aМишулин _bА. В. _f1901-1948 _gАлександр Васильевич _9257900 _3RU\NLR\AUTH\770257956 |
|
| 712 | 0 | 2 |
_aИнститут истории _cМосква _9277995 _3RU\NLR\AUTH\883377 |
| 801 | 0 |
_aRU _bNLR _gpsbo |
|
| 801 | 1 |
_aRU _bELAR _2rusmarc |
|
| 852 |
_aNLR _jИ20 Г-5/14 |
||
| 942 | _cBOOK | ||
| 980 | _aNB | ||